000 00738cam a22002533a 4500
001 738
003 PGUSA
005 20140828082952.0
008 961201s1996||||xxu|||||s|||||000 | eng d
040 _aPGUSA
_beng
042 _adc
050 4 _aPR
100 1 _aLang, Andrew,
_d1844-1912
245 1 4 _aThe Puzzle of Dickens's Last Plot
_h[electronic resource] /
_cAndrew Lang
260 _bProject Gutenberg,
_c1996
506 _aPublic domain in the USA.
516 _aElectronic text
653 _aDickens, Charles, 1812-1870. Mystery of Edwin Drood
653 _aCathedrals in literature
653 _aMurder in literature
830 0 _aProject Gutenberg
_v738
856 4 0 _uhttp://www.gutenberg.org/ebooks/738
942 _cEB
999 _c230089
_d230089